Central Library OPAC University of Rajshahi

The theory of linear models and multivariate analysis / (Record no. 38775)

MARC details
000 -LEADER
fixed length control field 00884nam a2200289 a 4500
001 - CONTROL NUMBER
control field 38775
003 - CONTROL NUMBER IDENTIFIER
rucl marc code BD-RjUL
005 - DATE AND TIME OF LATEST TRANSACTION
control field 20211209052846.0
008 - FIXED-LENGTH DATA ELEMENTS--GENERAL INFORMATION
fixed length control field 160225s1981 nyu b 001 0 eng
020 ## - INTERNATIONAL STANDARD BOOK NUMBER
International Standard Book Number 0471050652
035 ## - SYSTEM CONTROL NUMBER
System control number (BD-RjUL)38884
040 ## - CATALOGING SOURCE
Original cataloging agency DLC
Transcribing agency DLC
Modifying agency DLC
-- BD-RjUL
Language of cataloging eng
041 ## - LANGUAGE CODE
Language code of text/sound track or separate title ben
082 00 - DEWEY DECIMAL CLASSIFICATION NUMBER
Classification number 519.535
Edition number 19
Author mark and year ART 1981
100 1# - MAIN ENTRY--PERSONAL NAME
Personal name Arnold, Steven F.,
Dates associated with a name 1944-
9 (RLIN) 119619
245 14 - TITLE STATEMENT
Title The theory of linear models and multivariate analysis /
Statement of responsibility, etc. Steven F. Arnold.
260 ## - PUBLICATION, DISTRIBUTION, ETC. (IMPRINT)
Place of publication, distribution, etc. New York :
Name of publisher, distributor, etc. Wiley,
Date of publication, distribution, etc. c1981.
300 ## - PHYSICAL DESCRIPTION
Pagination xv, 475 p. ;
Size 24 cm.
490 0# - SERIES STATEMENT
Series statement Wiley series in probability and mathematical statistics
500 ## - GENERAL NOTE
General note Includes index.
504 ## - BIBLIOGRAPHY, ETC. NOTE
Bibliography, etc Bibliography: p. 464-469.
650 #0 - SUBJECT ADDED ENTRY--TOPICAL TERM
Topical term or geographic name as entry element Multivariate analysis.
9 (RLIN) 119620
Topical term or geographic name as entry element Linear models (Statistics)
9 (RLIN) 119621
942 ## - ADDED ENTRY ELEMENTS (KOHA)
Source of classification or shelving scheme Dewey Decimal Classification
Koha item type Books
Holdings
Lost status Source of classification or shelving scheme Damaged status Not for loan Collection code Permanent Location Current Location Shelving location Date acquired Source of acquisition Cost, normal purchase price Total Checkouts Full call number Date last seen Date checked out Copy number Koha item type
  Dewey Decimal Classification     Non-fiction Central Library, University of Rajshahi Central Library, University of Rajshahi   09/10/1984 Toppan Tulip 48.35 1 519.535 ART 1981 16/03/2016 27/02/2016 C-2 Books
  Dewey Decimal Classification     Non-fiction Central Library, University of Rajshahi Central Library, University of Rajshahi   09/10/1984 Toppan Tulip 48.35   519.535 ART 1981 25/02/2016   C-3 Books
  Dewey Decimal Classification   Not For Loan Non-fiction Central Library, University of Rajshahi Central Library, University of Rajshahi Reading Room 29/07/1989       519.535 ART 1981 25/02/2016   C-1 Books
  Dewey Decimal Classification     Non-fiction Central Library, University of Rajshahi Central Library, University of Rajshahi   23/09/1984 Toppan Tulip 48.35   519.535 ART 1981 01/09/2016   C-5 Books
  Dewey Decimal Classification     Non-fiction Central Library, University of Rajshahi Central Library, University of Rajshahi   23/09/1984 Toppan Tulip 48.35   519.535 ART 1981 01/09/2016   C-6 Books
  Dewey Decimal Classification     Non-fiction Central Library, University of Rajshahi Central Library, University of Rajshahi   05/10/1983 Tulip Enterprise 46.15   519.535 ART 1981 03/10/2016   C-4 Books